[Event "23. Aberto Xadrez Albariño"]
[Site "Cambados ESP"]
[Date "2007.08.03"]
[Round "2.12"]
[White "Sanchez Aller, Fernando"]
[Black "Cebrian Ramos, Jose Luis"]
[Result "0-1"]
[WhiteElo "2260"]
[BlackElo "2056"]
[PlyCount "80"]
[EventDate "2007.08.02"]
[EventType "swiss"]
[EventRounds "9"]
[EventCountry "ESP"]
[Source "lmi"]
[SourceDate "2007.08.02"]

1. e4 c5 2. Nf3 d6 3. d4 cxd4 4. Nxd4 Nf6 5. Nc3 a6 6. Bc4 e6 7. Bb3 Nbd7 8. f4
Nc5 9. e5 Nfd7 10. exd6 Nf6 11. Be3 Bxd6 12. Qf3 O-O 13. O-O-O Bd7 14. g4 Qc7
15. g5 Nxb3+ 16. axb3 Nd5 17. Nxd5 exd5 18. Kb1 Rfe8 19. Rd3 Re4 20. f5 Bf4 21.
Bf2 Bxg5 22. Rg1 Qf4 23. Qh5 Bf6 24. Rf3 Qd2 25. c3 Bb5 26. Rh3 Qxf2 27. Qxh7+
Kf8 28. Qh8+ Ke7 29. Qxa8 Qxg1+ 30. Ka2 Bxd4 31. Qxb7+ Bd7 32. Rd3 Qxh2 33.
Qxd5 Qe5 34. Qb7 Qa5+ 35. Kb1 Re1+ 36. Kc2 Qxf5 37. cxd4 Qb5 38. Qa7 Kf6 39. d5
Bf5 40. Qd4+ Kg6 0-1

[Event "23. Aberto Xadrez Albariño"]
[Site "Cambados ESP"]
[Date "2007.08.03"]
[Round "2.13"]
[White "Carrey Abellan, Enric"]
[Black "Menendez Rey, Javier"]
[Result "0-1"]
[WhiteElo "1970"]
[BlackElo "2251"]
[PlyCount "68"]
[EventDate "2007.08.02"]
[EventType "swiss"]
[EventRounds "9"]
[EventCountry "ESP"]
[Source "lmi"]
[SourceDate "2007.08.02"]

1. d4 d6 2. Nf3 g6 3. c4 Bg7 4. Nc3 Nd7 5. h3 e5 6. Bg5 f6 7. Bh4 Nh6 8. Bg3
O-O 9. e3 c6 10. Be2 Nf7 11. O-O f5 12. Rc1 g5 13. Qc2 Qf6 14. b4 h5 15. c5 h4
16. Bh2 g4 17. hxg4 fxg4 18. Nd2 d5 19. dxe5 Ndxe5 20. Nb3 Bf5 21. Qd1 Qg6 22.
Nd4 Bd7 23. Qc2 Qf6 24. Kh1 Rae8 25. b5 Kh8 26. Qd1 Bh6 27. Bg1 Rg8 28. bxc6
bxc6 29. f4 Ng6 30. Bd3 Ne7 31. Qc2 g3 32. Rce1 h3 33. e4 Qh4 34. Nf3 hxg2+ 0-1

[Event "23. Aberto Xadrez Albariño"]
[Site "Cambados ESP"]
[Date "2007.08.04"]
[Round "3.1"]
[White "Torrado Quintela, Julio"]
[Black "Manolache, Marius"]
[Result "0-1"]
[WhiteElo "2261"]
[BlackElo "2528"]
[PlyCount "80"]
[EventDate "2007.08.02"]
[EventType "swiss"]
[EventRounds "9"]
[EventCountry "ESP"]
[Source "lmi"]
[SourceDate "2007.08.02"]

1. d4 g6 2. Nf3 d6 3. Bg5 c6 4. e3 Qb6 5. Nbd2 Qxb2 6. Bc4 Qc3 7. O-O d5 8. Bb3
h6 9. Bh4 Bg7 10. e4 Be6 11. Re1 Nf6 12. exd5 cxd5 13. Re3 Qa5 14. Ne5 g5 15.
Bg3 Nc6 16. c4 O-O 17. Nxc6 bxc6 18. c5 Bg4 19. f3 Bf5 20. Be5 e6 21. Bc2 Bxc2
22. Qxc2 Nh5 23. Nb3 Qb4 24. Rb1 Bxe5 25. Rxe5 Ng7 26. Qd3 Rab8 27. h4 gxh4 28.
Qe3 Kh7 29. Qf4 Qc3 30. Re2 Nf5 31. Rd1 Rg8 32. Kh2 Rbc8 33. Re5 Rg5 34. Rde1
Rcg8 35. R5e2 Qxe1 36. Rxe1 Rxg2+ 37. Kh1 h3 38. Na5 Ng3+ 39. Qxg3 R8xg3 40.
Nxc6 h2 0-1

[Event "23. Aberto Xadrez Albariño"]
[Site "Cambados ESP"]
[Date "2007.08.04"]
[Round "3.4"]
[White "Dimitrov, Vladimir"]
[Black "Patiño Romaris, Roberto"]
[Result "1-0"]
[WhiteElo "2452"]
[BlackElo "2248"]
[PlyCount "149"]
[EventDate "2007.08.02"]
[EventType "swiss"]
[EventRounds "9"]
[EventCountry "ESP"]
[Source "lmi"]
[SourceDate "2007.08.02"]

1. e4 d5 2. exd5 Nf6 3. Bc4 Nxd5 4. Nc3 c6 5. Qf3 Nf6 6. Nge2 Bg4 7. Qg3 e6 8.
Ne4 Bf5 9. Nxf6+ gxf6 10. d3 Na6 11. Bxa6 Qa5+ 12. Bd2 Qxa6 13. Bc3 O-O-O 14.
O-O Bd6 15. Qe3 Rhg8 16. Bxf6 Rd7 17. Be5 Bxe5 18. Qxe5 h5 19. Nc3 Bg6 20. Qf6
Qa4 21. b3 Qb4 22. Rfe1 h4 23. Ne4 h3 24. g3 Rd5 25. a3 Qa5 26. Qf4 Bxe4 27.
Qxf7 Bf5 28. Qxg8+ Rd8 29. Qg5 Qd5 30. f3 Qxf3 31. Qd2 Be4 32. Rxe4 Qxe4 33.
Re1 Qd5 34. Qe2 Rd6 35. b4 c5 36. Qe4 cxb4 37. axb4 Ra6 38. c4 Qxe4 39. Rxe4
Ra2 40. Rxe6 Rg2+ 41. Kf1 Rxh2 42. Rh6 Rb2 43. Rxh3 Rxb4 44. g4 Kd7 45. Ke2 a5
46. Rh5 Rb2+ 47. Ke3 a4 48. Ra5 Ra2 49. g5 Kc6 50. g6 Rg2 51. Rxa4 Rxg6 52. Ra5
Rh6 53. Re5 Kd6 54. Kd4 Rh4+ 55. Re4 Rh5 56. Rg4 Rh6 57. Rg7 b6 58. Rg4 Rf6 59.
Kc3 Rf3 60. Rg6+ Kc5 61. Rg5+ Kd6 62. Rb5 Kc6 63. Kd4 Rh3 64. Re5 Kd6 65. Re3
Rh5 66. Rg3 Rh6 67. Kc3 Rh1 68. Rg6+ Kc7 69. Re6 Rh4 70. Kb4 Rh1 71. d4 Rh3 72.
d5 Rd3 73. Re7+ Kc8 74. Kb5 Rd4 75. Re6 1-0

[Event "23. Aberto Xadrez Albariño"]
[Site "Cambados ESP"]
[Date "2007.08.04"]
[Round "3.5"]
[White "Perez Fungueiro, Manuel Antonio"]
[Black "Rusev, Krasimir"]
[Result "0-1"]
[WhiteElo "2234"]
[BlackElo "2443"]
[PlyCount "78"]
[EventDate "2007.08.02"]
[EventType "swiss"]
[EventRounds "9"]
[EventCountry "ESP"]
[Source "lmi"]
[SourceDate "2007.08.02"]

1. e4 c5 2. f4 Nc6 3. Nf3 d6 4. Nc3 Nf6 5. d3 Bg4 6. h3 Bxf3 7. Qxf3 g6 8. g4
Bg7 9. Bg2 Nd7 10. O-O O-O 11. Nd5 b5 12. Kh1 a5 13. g5 Rc8 14. h4 a4 15. Rb1
b4 16. Rf2 Qa5 17. Qd1 Qa6 18. Bf1 Qb7 19. Bg2 e6 20. Ne3 f5 21. h5 Qa6 22.
hxg6 hxg6 23. exf5 gxf5 24. Qh5 b3 25. c4 bxa2 26. Ra1 Nb4 27. Rf3 Rf7 28. Rh3
Nf8 29. Bd2 Nxd3 30. Bc3 Nf2+ 31. Kh2 Nxh3 32. Bxh3 Bxc3 33. g6 Rg7 34. Bxf5
exf5 35. Nxf5 Rxg6 36. Ne7+ Kf7 37. Nxc8 Qxc8 38. f5 Be5+ 39. Kh3 Kg7 0-1

[Event "23. Aberto Xadrez Albariño"]
[Site "Cambados ESP"]
[Date "2007.08.04"]
[Round "3.6"]
[White "Cebrian Ramos, Jose Luis"]
[Black "Ivanov, Jordan"]
[Result "0-1"]
[WhiteElo "2036"]
[BlackElo "2382"]
[PlyCount "68"]
[EventDate "2007.08.02"]
[EventType "swiss"]
[EventRounds "9"]
[EventCountry "ESP"]
[Source "lmi"]
[SourceDate "2007.08.02"]

1. d4 Nf6 2. c4 c5 3. d5 e6 4. Nc3 exd5 5. cxd5 d6 6. e4 g6 7. f3 Bg7 8. Nge2
a6 9. a4 Nbd7 10. Ng3 h5 11. Be2 h4 12. Nf1 Rb8 13. Ne3 Nh5 14. Nc4 Ne5 15. Be3
g5 16. O-O Nxc4 17. Bxc4 Be5 18. Qd2 Nf4 19. Ra3 Qa5 20. Rb3 Bd7 21. Ra1 Ke7
22. Ra2 f6 23. Bf1 Ng6 24. Ne2 Qxd2 25. Bxd2 b5 26. axb5 axb5 27. Bc3 b4 28.
Bxe5 Nxe5 29. Nc1 Ra8 30. Kf2 Rxa2 31. Nxa2 Ra8 32. Nc1 Ra1 33. Ne2 Rb1 34. Ng1
Ba4 0-1

[Event "23. Aberto Xadrez Albariño"]
[Site "Cambados ESP"]
[Date "2007.08.04"]
[Round "3.7"]
[White "Samolins, Vitalijs"]
[Black "Carril Gonzalez, Angel"]
[Result "1-0"]
[WhiteElo "2319"]
[BlackElo "2054"]
[PlyCount "62"]
[EventDate "2007.08.02"]
[EventType "swiss"]
[EventRounds "9"]
[EventCountry "ESP"]
[Source "lmi"]
[SourceDate "2007.08.02"]

1. e4 c5 2. Nc3 Nc6 3. g3 g6 4. Bg2 Bg7 5. d3 e6 6. f4 Nge7 7. e5 d5 8. exd6
Qxd6 9. Nf3 O-O 10. O-O a6 11. Ne4 Qc7 12. Be3 b6 13. c3 Bb7 14. Qe2 Rad8 15.
Rac1 e5 16. fxe5 Nxe5 17. Nxe5 Bxe5 18. d4 Bg7 19. Bf4 Qd7 20. dxc5 Nd5 21.
cxb6 Nxf4 22. Rxf4 Qe6 23. Qf2 Qxa2 24. Rf1 Bxe4 25. Rxe4 Bh6 26. b7 Rd2 27.
Re2 Qxb2 28. b8=Q Qxb8 29. Rxd2 Bxd2 30. Qxd2 a5 31. Bd5 Qb6+ 1-0

[Event "23. Aberto Xadrez Albariño"]
[Site "Cambados ESP"]
[Date "2007.08.04"]
[Round "3.9"]
[White "Stanoev, Atanas"]
[Black "Milchev, Nikolay"]
[Result "1-0"]
[WhiteElo "1953"]
[BlackElo "2315"]
[PlyCount "105"]
[EventDate "2007.08.02"]
[EventType "swiss"]
[EventRounds "9"]
[EventCountry "ESP"]
[Source "lmi"]
[SourceDate "2007.08.02"]

1. c4 e6 2. Nc3 b6 3. Nf3 Bb7 4. g3 f5 5. Bg2 Nf6 6. O-O Be7 7. d3 Na6 8. a3
O-O 9. Qc2 Qe8 10. b4 c5 11. bxc5 Nxc5 12. a4 Qh5 13. a5 d6 14. Rb1 Nfd7 15.
Bd2 g5 16. Ne1 Bxg2 17. Kxg2 Qe8 18. axb6 Nxb6 19. f4 Qc6+ 20. Kg1 g4 21. Ng2
Bf6 22. Nb5 a6 23. Na3 Nbd7 24. Rb3 Na4 25. Rb4 Ndc5 26. Rfb1 Rfc8 27. e3 e5
28. d4 exd4 29. Qxf5 Bg7 30. exd4 Bxd4+ 31. Be3 Bg7 32. Qxg4 Qe4 33. Rd1 Kh8
34. Nb1 Re8 35. Nd2 Qc2 36. Nf1 Qc3 37. Rbb1 Qxc4 38. Rxd6 Nc3 39. Nd2 Qg8 40.
Bxc5 Nxb1 41. Nxb1 Rac8 42. Be3 Qa2 43. Nd2 Rc1+ 44. Nf1 Rc2 45. Nh4 Ba1 46.
Qh5 Qg8 47. Rxa6 Rxe3 48. Nxe3 Bd4 49. Nhf5 Qc8 50. Rh6 Rc1+ 51. Kg2 Qb7+ 52.
Kh3 Qd7 53. Rd6 1-0

[Event "23. Aberto Xadrez Albariño"]
[Site "Cambados ESP"]
[Date "2007.08.04"]
[Round "3.10"]
[White "Llorente Fernandez, Carlos"]
[Black "Sanchez Aller, Fernando"]
[Result "0-1"]
[WhiteElo "1948"]
[BlackElo "2260"]
[PlyCount "116"]
[EventDate "2007.08.02"]
[EventType "swiss"]
[EventRounds "9"]
[EventCountry "ESP"]
[Source "lmi"]
[SourceDate "2007.08.02"]

1. d4 Nf6 2. c4 e6 3. Nc3 Bb4 4. Qc2 O-O 5. a3 Bxc3+ 6. Qxc3 b5 7. cxb5 c6 8.
bxc6 Nxc6 9. Bg5 Ba6 10. Nf3 Rc8 11. Bxf6 gxf6 12. e4 Qb6 13. Rb1 Na5 14. Qb4
Bxf1 15. Kxf1 Qa6+ 16. Kg1 Qd3 17. Qe1 Nb3 18. h3 Nxd4 19. Nxd4 Qxd4 20. Rd1
Qxb2 21. Rxd7 Rc1 22. Rd1 Rfc8 23. Kh2 Qe5+ 24. g3 Rxd1 25. Qxd1 Qxe4 26. Re1
Qf5 27. Qd4 a5 28. Re4 h5 29. g4 Qc5 30. Qxf6 Qd6+ 31. Qe5 Qxe5+ 32. Rxe5 hxg4
33. hxg4 Rc4 34. Rxa5 Rxg4 35. Kh3 Rg1 36. Ra8+ Kg7 37. Ra4 f5 38. Kh2 Rg6 39.
Rc4 Kf6 40. f4 Rg7 41. a4 Kg6 42. Kg3 Kh5+ 43. Kf3 Kh4 44. Rc6 Rg3+ 45. Kf2 Ra3
46. Rxe6 Rxa4 47. Ke3 Ra3+ 48. Kf2 Kg4 49. Re2 Kxf4 50. Rb2 Kg4 51. Rc2 f4 52.
Rb2 Rh3 53. Rb4 Rh2+ 54. Kg1 Ra2 55. Rc4 Kg3 56. Rc3+ f3 57. Rc1 Rg2+ 58. Kf1
Rh2 0-1

[Event "23. Aberto Xadrez Albariño"]
[Site "Cambados ESP"]
[Date "2007.08.04"]
[Round "3.12"]
[White "Fernandez Losada, Daniel"]
[Black "Galard Agustin, Tomas"]
[Result "1-0"]
[WhiteElo "2158"]
[BlackElo "1925"]
[PlyCount "56"]
[EventDate "2007.08.02"]
[EventType "swiss"]
[EventRounds "9"]
[EventCountry "ESP"]
[Source "lmi"]
[SourceDate "2007.08.02"]

1. e4 e6 2. d4 d5 3. Nc3 Nf6 4. Bg5 Be7 5. e5 Nfd7 6. h4 h6 7. Bxe7 Qxe7 8. f4
a6 9. Nf3 c5 10. Qd2 cxd4 11. Nxd4 Nc6 12. O-O-O Nxd4 13. Qxd4 Qc5 14. Qd2 b5
15. Rh3 Bb7 16. Ne4 Qb6 17. Nd6+ Ke7 18. Qb4 Qc5 19. Qxc5 Nxc5 20. b4 Ne4 21.
Nxb7 Nf2 22. Rc3 Nxd1 23. Rc7+ Ke8 24. Kxd1 Rf8 25. a4 bxa4 26. b5 a5 27. b6
Rh8 28. Nd6+ Kf8 1-0

[Event "23. Aberto Xadrez Albariño"]
[Site "Cambados ESP"]
[Date "2007.08.04"]
[Round "3.13"]
[White "Campos Calvo-Sotelo, Javier"]
[Black "Soto Pesqueira, Ernesto"]
[Result "0-1"]
[WhiteElo "2145"]
[BlackElo "1871"]
[PlyCount "102"]
[EventDate "2007.08.02"]
[EventType "swiss"]
[EventRounds "9"]
[EventCountry "ESP"]
[Source "lmi"]
[SourceDate "2007.08.02"]

1. d4 d5 2. c4 e6 3. Nf3 Nf6 4. g3 Be7 5. Bg2 Nbd7 6. O-O O-O 7. Qc2 c6 8. Rd1
dxc4 9. Qxc4 Qa5 10. Nc3 Qh5 11. e4 e5 12. d5 Nb6 13. Qe2 Bc5 14. Be3 Bxe3 15.
Qxe3 cxd5 16. exd5 Bg4 17. h3 Bxh3 18. Qxe5 Qxe5 19. Nxe5 Bxg2 20. Kxg2 Rad8
21. d6 Rfe8 22. f4 Nfd7 23. Re1 Nxe5 24. fxe5 Nd7 25. Nd5 Rxe5 26. Rxe5 Nxe5
27. Re1 f6 28. Ne7+ Kf7 29. Rd1 Nc4 30. Rd4 Rxd6 31. Rxc4 Rd2+ 32. Kf3 Kxe7 33.
Rb4 b6 34. a4 Rd5 35. Ke4 Rd6 36. a5 bxa5 37. Rb7+ Rd7 38. Rb5 Kf7 39. Rxa5 Rb7
40. Kf5 a6 41. Rxa6 Rb5+ 42. Kf4 Rxb2 43. g4 h6 44. Ra7+ Kg6 45. Rd7 Rb5 46.
Ra7 h5 47. gxh5+ Rxh5 48. Ra8 Rf5+ 49. Kg3 Re5 50. Ra7 f5 51. Rb7 Kh6 0-1

[Event "23. Aberto Xadrez Albariño"]
[Site "Cambados ESP"]
[Date "2007.08.05"]
[Round "4.1"]
[White "Manolache, Marius"]
[Black "Samolins, Vitalijs"]
[Result "0-1"]
[WhiteElo "2528"]
[BlackElo "2319"]
[PlyCount "84"]
[EventDate "2007.08.02"]
[EventType "swiss"]
[EventRounds "9"]
[EventCountry "ESP"]
[Source "lmi"]
[SourceDate "2007.08.02"]

1. d4 f5 2. Nc3 d5 3. Bf4 Nf6 4. Nf3 e6 5. e3 c5 6. a3 Bd7 7. h3 Qb6 8. Rb1 Bd6
9. Ne5 cxd4 10. exd4 Nc6 11. Nc4 dxc4 12. Bxd6 Nxd4 13. Be5 Nc6 14. Bxf6 gxf6
15. Bxc4 O-O-O 16. Qd6 Nd4 17. Qxb6 axb6 18. O-O Rhg8 19. f3 Nxc2 20. Kf2 f4
21. Rfc1 Ne3 22. g4 Kb8 23. Ne4 Rg6 24. Rc3 f5 25. Nd6 fxg4 26. hxg4 Bc6 27.
Nf7 Nd1+ 28. Ke2 Nxc3+ 29. bxc3 Rf8 30. Ne5 Rg5 31. Nxc6+ bxc6 32. Rxb6+ Kc7
33. Ra6 Re5+ 34. Kd2 Rb8 35. Kc2 Re3 36. Ra7+ Rb7 37. Ra8 Kd6 38. Rd8+ Kc5 39.
Bb3 Rxf3 40. Bxe6 Rf2+ 41. Kd3 Re7 42. Bf5 Re3# 0-1

[Event "23. Aberto Xadrez Albariño"]
[Site "Cambados ESP"]
[Date "2007.08.05"]
[Round "4.2"]
[White "Rusev, Krasimir"]
[Black "Iotov, Valentin"]
[Result "1/2-1/2"]
[WhiteElo "2443"]
[BlackElo "2502"]
[PlyCount "42"]
[EventDate "2007.08.02"]
[EventType "swiss"]
[EventRounds "9"]
[EventCountry "ESP"]
[Source "lmi"]
[SourceDate "2007.08.02"]

1. d4 Nf6 2. c4 g6 3. Nf3 Bg7 4. g3 O-O 5. Bg2 d6 6. O-O Nc6 7. Nc3 a6 8. h3
Rb8 9. e4 e5 10. Be3 Re8 11. Qc2 Bd7 12. Rad1 Qc8 13. Kh2 exd4 14. Nxd4 Ne5 15.
Nd5 Nxd5 16. cxd5 c5 17. dxc6 bxc6 18. b3 c5 19. Ne2 c4 20. bxc4 Qxc4 21. Qxc4
Nxc4 1/2-1/2

[Event "23. Aberto Xadrez Albariño"]
[Site "Cambados ESP"]
[Date "2007.08.05"]
[Round "4.3"]
[White "Ivanov, Jordan"]
[Black "Dimitrov, Vladimir"]
[Result "1/2-1/2"]
[WhiteElo "2382"]
[BlackElo "2452"]
[PlyCount "32"]
[EventDate "2007.08.02"]
[EventType "swiss"]
[EventRounds "9"]
[EventCountry "ESP"]
[Source "lmi"]
[SourceDate "2007.08.02"]

1. Nf3 Nf6 2. c4 e6 3. Nc3 Bb4 4. Qc2 O-O 5. a3 Bxc3 6. Qxc3 b6 7. g3 Bb7 8.
Bg2 d6 9. O-O Nbd7 10. d3 a5 11. b4 axb4 12. axb4 Rxa1 13. Qxa1 Qa8 14. Bb2
Qxa1 15. Rxa1 Ra8 16. Rxa8+ Bxa8 1/2-1/2

[Event "23. Aberto Xadrez Albariño"]
[Site "Cambados ESP"]
[Date "2007.08.05"]
[Round "4.4"]
[White "Starostits, Ilmars"]
[Black "Otero Chaves, Carlos M"]
[Result "1-0"]
[WhiteElo "2497"]
[BlackElo "1912"]
[PlyCount "61"]
[EventDate "2007.08.02"]
[EventType "swiss"]
[EventRounds "9"]
[EventCountry "ESP"]
[Source "lmi"]
[SourceDate "2007.08.02"]

1. e4 e5 2. Nf3 Nc6 3. Bc4 Nf6 4. d3 Be7 5. Nc3 d6 6. h3 O-O 7. Be3 a6 8. Qd2
Na5 9. O-O Nxc4 10. dxc4 b6 11. a4 Bb7 12. Qd3 a5 13. Nd2 Nd7 14. Nd5 Nc5 15.
Bxc5 dxc5 16. Rad1 Bd6 17. Nb1 Qc8 18. Nbc3 f5 19. Nxb6 cxb6 20. Qxd6 fxe4 21.
Nd5 Bxd5 22. Qxd5+ Kh8 23. Qxe4 Rf4 24. Qxe5 Rxc4 25. Rd6 Rxc2 26. Rxb6 Qf8 27.
Re6 Rb8 28. b3 c4 29. bxc4 Rxc4 30. Re1 Rxa4 31. Qxb8 1-0

[Event "23. Aberto Xadrez Albariño"]
[Site "Cambados ESP"]
[Date "2007.08.05"]
[Round "4.6"]
[White "Berbatov, Kiprian"]
[Black "Torrado Quintela, Julio"]
[Result "0-1"]
[WhiteElo "2096"]
[BlackElo "2261"]
[PlyCount "62"]
[EventDate "2007.08.02"]
[EventType "swiss"]
[EventRounds "9"]
[EventCountry "ESP"]
[Source "lmi"]
[SourceDate "2007.08.02"]

1. e4 c5 2. Nf3 e6 3. d4 cxd4 4. Nxd4 Nf6 5. Nc3 e5 6. Nf3 Bb4 7. Bd2 O-O 8.
Bc4 Bxc3 9. Bxc3 Nxe4 10. Bxe5 Qa5+ 11. c3 Nc6 12. Bf4 Qc5 13. Qe2 d5 14. Bd3
Nxc3 15. Qc2 Ne4 16. Bxe4 Qb4+ 17. Nd2 dxe4 18. O-O Nd4 19. Qd1 Bf5 20. Be3
Rfd8 21. Rb1 Rac8 22. a3 Qb5 23. b4 Ne2+ 24. Kh1 Nc3 25. Qb3 Nxb1 26. Rxb1 Rxd2
27. Bxd2 e3 28. Bxe3 Bxb1 29. Qxb1 Qa4 30. Qa1 Rd8 31. Bd4 Qd7 0-1

[Event "23. Aberto Xadrez Albariño"]
[Site "Cambados ESP"]
[Date "2007.08.05"]
[Round "4.7"]
[White "Sanchez Aller, Fernando"]
[Black "Carril Gonzalez, Angel"]
[Result "1/2-1/2"]
[WhiteElo "2260"]
[BlackElo "2054"]
[PlyCount "118"]
[EventDate "2007.08.02"]
[EventType "swiss"]
[EventRounds "9"]
[EventCountry "ESP"]
[Source "lmi"]
[SourceDate "2007.08.02"]

1. e4 c5 2. Nf3 Nc6 3. d4 cxd4 4. Nxd4 g6 5. Nc3 Bg7 6. Be3 Nf6 7. Bc4 O-O 8.
Bb3 d6 9. f3 Bd7 10. h4 Qa5 11. Qd2 Rfc8 12. O-O-O Ne5 13. Kb1 Nc4 14. Bxc4
Rxc4 15. Nb3 Qc7 16. Bd4 Be6 17. h5 a5 18. hxg6 a4 19. Rxh7 Nxh7 20. Bxg7 axb3
21. Rh1 bxc2+ 22. Kc1 fxg6 23. Qh6 Kf7 24. Qxh7 Rg8 25. Bh6+ Ke8 26. Nd5 Qd8
27. Bg5 Bxd5 28. exd5 Kd7 29. Re1 Re8 30. Qxg6 Kc8 31. b3 Rc7 32. Bf4 Rg8 33.
Qe6+ Kb8 34. Re2 Qc8 35. Qxc8+ Kxc8 36. Kb2 Kd7 37. a4 Rgc8 38. Bc1 Rc5 39. Rd2
Ke8 40. Rd4 Kd7 41. g4 Rf8 42. f4 e5 43. dxe6+ Kxe6 44. b4 Rc6 45. Rd2 Rfc8 46.
f5+ Kf6 47. Rd5 Ke7 48. g5 Rc4 49. Rb5 R8c7 50. Ka2 Kf7 51. a5 d5 52. Kb3 d4
53. Rd5 Rc3+ 54. Kb2 d3 55. Rd6 Ke7 56. Rd5 R3c4 57. Kb3 Rc3+ 58. Kb2 R3c4 59.
Kb3 Rc3+ 1/2-1/2

[Event "23. Aberto Xadrez Albariño"]
[Site "Cambados ESP"]
[Date "2007.08.05"]
[Round "4.8"]
[White "Patiño Romaris, Roberto"]
[Black "Cebrian Ramos, Jose Luis"]
[Result "1-0"]
[WhiteElo "2248"]
[BlackElo "2056"]
[PlyCount "51"]
[EventDate "2007.08.02"]
[EventType "swiss"]
[EventRounds "9"]
[EventCountry "ESP"]
[Source "lmi"]
[SourceDate "2007.08.02"]

1. d4 c5 2. d5 e5 3. c4 d6 4. e4 Be7 5. Nf3 Bg4 6. Nbd2 Qa5 7. Be2 Bxf3 8. Bxf3
Bg5 9. O-O Qd8 10. Qb3 b6 11. a4 a5 12. Qb5+ Kf8 13. g3 h5 14. Bg2 Bh6 15. f4
h4 16. Nf3 hxg3 17. fxe5 Bxc1 18. Raxc1 Rxh2 19. exd6 Qxd6 20. Nxh2 gxh2+ 21.
Kh1 Nf6 22. e5 Qxe5 23. Rce1 Qd6 24. Rxf6 gxf6 25. Qe8+ Kg7 26. Re7 1-0

[Event "23. Aberto Xadrez Albariño"]
[Site "Cambados ESP"]
[Date "2007.08.05"]
[Round "4.11"]
[White "Rodriguez Calvo, Manoel"]
[Black "Stanoev, Atanas"]
[Result "1-0"]
[WhiteElo "2140"]
[BlackElo "1953"]
[PlyCount "65"]
[EventDate "2007.08.02"]
[EventType "swiss"]
[EventRounds "9"]
[EventCountry "ESP"]
[Source "lmi"]
[SourceDate "2007.08.02"]

1. e4 c5 2. Nf3 d6 3. Bb5+ Nc6 4. O-O Bd7 5. Re1 a6 6. Bxc6 Bxc6 7. d4 cxd4 8.
Nxd4 Bd7 9. Nc3 Nf6 10. Bg5 e6 11. Nf5 Qb6 12. Qf3 O-O-O 13. Nxg7 Bxg7 14. Bxf6
Bxf6 15. Qxf6 Rhg8 16. b3 Rg6 17. Qf3 Bc6 18. Qe3 Qa5 19. Ne2 Rdg8 20. g3 f5
21. Qc3 Qc7 22. exf5 Rh6 23. Nd4 Qg7 24. Re3 Rxh2 25. Nxc6 Qh6 26. Kf1 Qh3+ 27.
Ke1 Rh1+ 28. Kd2 Rxa1 29. Ne7+ Kd7 30. Nxg8 Rf1 31. fxe6+ Kd8 32. e7+ Ke8 33.
Nf6+ 1-0

[Event "23. Aberto Xadrez Albariño"]
[Site "Cambados ESP"]
[Date "2007.08.05"]
[Round "4.12"]
[White "Soto Pesqueira, Ernesto"]
[Black "Echarte Buil, Oscar"]
[Result "0-1"]
[WhiteElo "1871"]
[BlackElo "2136"]
[PlyCount "47"]
[EventDate "2007.08.02"]
[EventType "swiss"]
[EventRounds "9"]
[EventCountry "ESP"]
[Source "lmi"]
[SourceDate "2007.08.02"]

1. d4 f5 2. e4 fxe4 3. f3 d5 4. fxe4 dxe4 5. Bc4 Nf6 6. Ne2 Bf5 7. O-O Qd7 8.
c3 e6 9. Ng3 Nc6 10. Qa4 O-O-O 11. Bb5 Kb8 12. Na3 Bxa3 13. bxa3 Nd5 14. Qb3
Nb6 15. Bg5 Rdf8 16. a4 a6 17. Bxc6 Qxc6 18. Be7 Re8 19. Bc5 Nxa4 20. Rab1 Nxc5
21. dxc5 Qxc5+ 22. Kh1 b6 23. Qa4 e3 24. Qxa6 0-1

[Event "23. Aberto Xadrez Albariño"]
[Site "Cambados ESP"]
[Date "2007.08.06"]
[Round "5.1"]
[White "Samolins, Vitalijs"]
[Black "Starostits, Ilmars"]
[Result "1/2-1/2"]
[WhiteElo "2319"]
[BlackElo "2497"]
[PlyCount "184"]
[EventDate "2007.08.02"]
[EventType "swiss"]
[EventRounds "9"]
[EventCountry "ESP"]
[Source "lmi"]
[SourceDate "2007.08.02"]

1. e4 c5 2. Nc3 Nc6 3. g3 g6 4. Bg2 Bg7 5. d3 d6 6. Be3 Nh6 7. h3 f5 8. Qd2 Nf7
9. f4 O-O 10. Nf3 Rb8 11. h4 Qb6 12. Rb1 Nh6 13. h5 Ng4 14. Bg1 Bd7 15. hxg6
hxg6 16. Ng5 e6 17. exf5 gxf5 18. Nd5 Qd8 19. Bf3 Re8 20. Bxg4 exd5+ 21. Be2 d4
22. Kf1 Nb4 23. Bh5 Re7 24. Qh2 Nd5 25. Bf3 Nf6 26. Qg2 Bc6 27. Bxc6 bxc6 28.
Qxc6 Qa5 29. Qxd6 Rbe8 30. Bf2 Re2 31. Kg2 Qd2 32. Rbf1 Qxc2 33. Rh6 Bxh6 34.
Qxf6 Bxg5 35. Qxg5+ Kf7 36. Qxf5+ Ke7 37. Kg1 Kd6 38. b4 Kc6 39. bxc5 Qxc5 40.
Qf6+ R8e6 41. Qxd4 Qxd4 42. Bxd4 Rxa2 43. f5 Ree2 44. Bf2 Kd7 45. f6 Ke6 46. f7
Kxf7 47. Bxa7+ Kg6 48. Bf2 Kg5 49. Kg2 Kg4 50. d4 Rad2 51. d5 Re3 52. Kg1 Rf3
53. d6 Rxd6 54. Re1 Kh3 55. Re4 Rd1+ 56. Be1 Rxg3+ 57. Kf1 Ra1 58. Re8 Rg6 59.
Re4 Rg3 60. Re6 Rb3 61. Re4 Rf3+ 62. Kg1 Rg3+ 63. Kf1 Rg4 64. Re3+ Kh2 65. Re2+
Kh1 66. Re3 Rg1+ 67. Kf2 Rg2+ 68. Kf3 Rg8 69. Bc3 Rf1+ 70. Ke4 Re8+ 71. Be5 Kg2
72. Rg3+ Kf2 73. Rf3+ Ke2 74. Rxf1 Kxf1 75. Kd4 Ke2 76. Ke4 Re7 77. Kd4 Kf3 78.
Kd5 Ke3 79. Bf6 Rh7 80. Be5 Kd3 81. Bf6 Rh5+ 82. Be5 Rg5 83. Kd6 Ke4 84. Bf6
Rg6 85. Ke6 Rh6 86. Ke7 Kf5 87. Bc3 Rh3 88. Bb2 Rb3 89. Bd4 Rb1 90. Bc3 Rc1 91.
Bb2 Rc4 92. Kd6 Rc6+ 1/2-1/2

[Event "23. Aberto Xadrez Albariño"]
[Site "Cambados ESP"]
[Date "2007.08.06"]
[Round "5.2"]
[White "Iotov, Valentin"]
[Black "Ivanov, Jordan"]
[Result "1-0"]
[WhiteElo "2502"]
[BlackElo "2382"]
[PlyCount "51"]
[EventDate "2007.08.02"]
[EventType "swiss"]
[EventRounds "9"]
[EventCountry "ESP"]
[Source "lmi"]
[SourceDate "2007.08.02"]

1. d4 d5 2. Nf3 Nf6 3. c4 dxc4 4. e3 e6 5. Bxc4 c5 6. O-O a6 7. Bb3 Nc6 8. Qe2
cxd4 9. Rd1 d3 10. Rxd3 Qc7 11. e4 Bc5 12. h3 Ne5 13. Bf4 Nxf3+ 14. Rxf3 Qe7
15. Nc3 Bd7 16. e5 Nh5 17. Bd2 Bc6 18. Ne4 O-O-O 19. Nxc5 Bxf3 20. Qxf3 Rxd2
21. Nxa6 Qg5 22. Rc1+ Kd8 23. Qxb7 Ke8 24. Ba4+ Kf8 25. Qb4+ Kg8 26. Qxd2 1-0

[Event "23. Aberto Xadrez Albariño"]
[Site "Cambados ESP"]
[Date "2007.08.06"]
[Round "5.3"]
[White "Dimitrov, Vladimir"]
[Black "Rusev, Krasimir"]
[Result "1/2-1/2"]
[WhiteElo "2452"]
[BlackElo "2443"]
[PlyCount "21"]
[EventDate "2007.08.02"]
[EventType "swiss"]
[EventRounds "9"]
[EventCountry "ESP"]
[Source "lmi"]
[SourceDate "2007.08.02"]

1. Nf3 d5 2. e3 Nf6 3. b3 e6 4. Bb2 c5 5. c4 Nc6 6. cxd5 exd5 7. d4 cxd4 8.
Nxd4 Bb4+ 9. Bc3 Bd6 10. Be2 O-O 11. O-O 1/2-1/2